000 00448nam a22001457a 4500
999 _c129964
_d129964
008 191112b ||||| |||| 00| 0 eng d
020 _a978-0-241-00391-6
050 _aBS445.B293 2019
100 _aBarton, John
_935326
245 _aA history of the bible:
_bthe handbook and its faiths
_c/ by John Barton
260 _aUK:
_bAllen Lane,
_c2019.
300 _axvii, 613p. ;
_b25cm.
650 _aBible
_xHistory
_927275
942 _2lcc
_cMONOGRAPH